Statistics for Type 1-13 in 15 Seconds

Click here to take the quiz!

General Stats

  • This quiz has been taken 23 times
  • The average score is 11 of 13

Answer Stats

HintAnswer% Correct
1one
100%
3three
100%
2two
100%
8eight
86%
11eleven
86%
5five
86%
4four
86%
9nine
86%
7seven
86%
6six
86%
10ten
86%
12twelve
86%
13thirteen
64%

Score Distribution

Percentile by Number Answered

Percent of People with Each Score

Your Score History

You have not taken this quiz